[Event "Dresden ol (Men) 38th"]
[Site "Dresden"]
[Date "2008.11.22"]
[Round "9"]
[White "Aronian, Levon"]
[Black "Gelfand, Boris"]
[Result "0-1"]
[WhiteElo "2757"]
[BlackElo "2719"]
[Annotator "Gelfand,B"]
[PlyCount "98"]
[EventDate "2008.11.13"]
[EventType "swiss"]
[EventRounds "11"]
[EventCountry "GER"]
[Source "ChessBase"]
[SourceDate "2009.01.28"]
[WhiteTeam "Armenia"]
[BlackTeam "Israel"]
[WhiteTeamCountry "ARM"]
[BlackTeamCountry "ISR"]

{After the 8th round our team got to second place and had to face the leaders
- Armenia. This team is our bete noir - if my memory serves me well, we had
never beaten them and draws also were not very often. But our young team
managed to forget the past and played a great match.} 1. c4 e5 2. Nc3 Nf6 3.
Nf3 Nc6 4. g3 Bb4 5. Bg2 ({An alternative system is} 5. Nd5) 5... O-O 6. O-O {
Previously I had played 6...e4,but this time I decided in favour of a more
solid setup} Bxc3 7. bxc3 Re8 8. d3 e4 9. Nd4 exd3 10. exd3 Nxd4 11. cxd4 d5
12. Rb1 ({if} 12. Bg5 {then the simplest is} h6 13. Bxf6 Qxf6 14. cxd5 Qxd4 15.
Qc2 Qe5 16. Rab1 Rb8 17. Rfc1 Re7 18. Qc3 Qd6 19. Qd4 b6 20. Rc6 Qd8 21. d6
cxd6 22. Rxd6 Rd7 {Kallio,H-Fressinet,L/Plovdiv 2003/}) ({The following game
shows well Black's ideas in this type of position.} 12. Be3 Be6 13. Rc1 h6 14.
h3 c6 15. Qd2 Qd7 16. Kh2 Kh7 17. Rfe1 Ng8 18. g4 Ne7 19. Bf4 Rad8 20. c5 g5
21. Be5 f5 22. gxf5 Bxf5 23. Re3 Ng6 24. Rce1 Re6 25. Bg3 Rde8 26. Bf1 Qg7 {
and Black got the upper hand, Botvinnik,M-Basman,M/Hastings 1966}) 12... h6 13.
Bf4 {The B is going to e5, which is the strongest plan in my opinion.} b6 ({
Here is an another example of Black's success in this line} 13... c6 14. Qd2 b6
15. a4 Bf5 16. c5 Nd7 17. Rfc1 Qf6 18. Rb4 Re6 19. Bf1 Rae8 20. Bc7 bxc5 21.
dxc5 Nxc5 $1 22. Bf4 Qe7 {Karpov,A-Anand,V/Frankfurt 1997}) 14. Be5 c6 ({Black
got into trouble after} 14... Bb7 $6 15. Qf3 Nh7 16. h4 Qe7 17. Qg4 $1 Nf6 18.
Qf4 Nh5 19. Qf3 $16 {Hodgson,Ju-Salov,Amsterdam,1996}) 15. h3 ({Harmless is} 
15. Bxf6 Qxf6 16. cxd5 cxd5 17. Bxd5 Bh3 $132) ({Or} 15. Qa4 Bf5 16. Rbd1 Qd7
17. Bxf6 gxf6 18. cxd5 cxd5 19. Qxd7 Bxd7 20. Bxd5 Rad8 {1/2-1/2 Norri,J-Tella,
J/Finland 1996/EXT 98 (25)}) 15... Be6 16. Rc1 ({I intended to meet} 16. f4 {by
} dxc4 17. Bxc6 Bxh3 18. Re1 Rxe5 19. dxe5 Qd4+ 20. Kh1 Ng4 21. Qf3 Rd8 {with
full compensation for an exchange}) 16... Rc8 {During the game I thought that
this was an inaccurate move, which allows f2-f4. However, my thoughts were too
pessimistic} ({A reasonable alternative was} 16... Qd7 17. g4 (17. Bxf6 gxf6 {
is not dangerous}) 17... Nh7) 17. f4 {White takes the opportunity and goes
forward. Surprisingly, it doesn't bring him an advantage and moreover he has
to be careful.} ({Calmer and better was} 17. Re1 {with an unclear game after}
Nh7 18. g4 Qd7 {It is not easy to assess this position. Both sides have strong
points - White has 2 Bs and some space advantage, while Black has no
weaknesses. I feel that White's chances are slightly better.}) 17... dxc4 {I
saw no alternative and forced matters.} ({Probably} 17... Qd7 {was also
possible, as} 18. g4 {allows} (18. Kh2 Nh7) 18... dxc4 19. dxc4 Nxg4 $1 20.
hxg4 Bxg4 {with a complicated game.}) 18. dxc4 (18. f5 $6 {is dubious:} Bd5 19.
dxc4 Bxg2 20. Kxg2 c5) 18... b5 $1 {Fighting for the d5 outpost.} 19. d5 $5 (
19. cxb5 cxb5 20. Qd2 {allows among other options a stylish exchange sacrifice}
(20. Rxc8 Qxc8) 20... Bc4 21. Bb7 Nd5 22. Rfe1 Qd7 23. Bxc8 Rxc8 $44) 19...
cxd5 20. cxb5 (20. c5 Ne4 21. f5 f6 (21... Bd7 22. Qxd5 Bc6 $11) 22. fxe6 fxe5
23. Bxe4 dxe4 $11) 20... Rxc1 21. Qxc1 {Optically this position seems better
for White, but Black has enough resources.} Qb6+ {After some calculation I
decided to go for the forced line.} ({Black also has solid position after} 
21... Ne4 22. Kh2 Qa5 23. Qb2 f6 24. Bd4 Bd7 {when a draw is the likely
outcome.}) 22. Kh2 Qxb5 23. Bxf6 ({After} 23. Qa1 {White is on the safe side,
but Black can equalize by} Bf5 ({or simply} 23... d4) 24. Bxf6 gxf6 25. Qxf6
Be4 26. Qxh6 Qb2 27. Rg1 Rc8) 23... gxf6 24. f5 Bd7 25. Qxh6 ({The computer
suggests including a2-a4} 25. a4 Qb6 26. Qxh6 Qb2 27. Rf4 Re4 28. Rg4+ Rxg4 29.
hxg4 {with a draw.}) 25... Qb2 $1 {The key defensive move. The Q protects the
f6-pawn and starts to attack on the 2nd rank.} 26. Kh1 {White still has the
illusion that he has an advantage. It was time to look for equality. The path
is not easy to find, but it exists.} (26. Rf4 Re4 27. Rg4+ (27. a3 Rxf4 (27...
Bc6 28. Rxe4 dxe4 29. Qe3 Qe5 30. Kg1 $11 {Lysyj}) 28. Qxf4 Qxa3 29. Qd4 Qd6
30. Bxd5 Kf8 $15) (27. Rxe4 dxe4 28. Qe3 Bxf5 29. Qxa7 Kg7 $1 $15 (29... Qd2
30. Qb8+ Kg7 31. Qf4 e3 32. Qxf5 e2 $11)) 27... Rxg4 28. hxg4 Bb5 29. Qf4 Bc4
30. g5 Qe5 31. a3 Qxf4 32. gxf4 d4 33. Bf3 {and it seems that Black has no
winning chances.}) 26... Re2 27. Bxd5 $4 {Levon's permanenent desire to win
backfires here.} ({White was still in time to transpose to the previous
annotation} 27. Rf4 Re1+ (27... Bxf5 28. Rxf5 Rxg2 29. Rg5+ $11) 28. Kh2 (28.
Bf1) 28... Re4) 27... Bxf5 {The only, but sufficient move. Now Levon sunk
deeply into thought, but failed to find a way to save the game.} 28. Qf4 (28.
Qc1 {is bad:} Qe5) ({as is} 28. g4 Qe5) 28... Be6 29. Bf3 {The most stubborn
defence.} ({Black's task is easier after} 29. Be4 Bxh3 30. Qh6 Rxe4 31. Qxh3
Qxa2 {with 2 extra pawns.}) 29... Rh2+ (29... Rf2 $2 30. Rxf2 Qxf2 31. h4 {
allows White to escape.}) 30. Kg1 Rxh3 $1 {I think that this is the clearest
solution.} ({Not so clear is the tempting} 30... Bxh3 31. Qh4 $1 (31. Be4 Rg2+
32. Kh1 Re2) 31... Kg7 {and now according to my engines, the best move is} 32.
Ba8 $1 (32. a3 Qd2) 32... a6 33. a3 {with drawing chances but I cannot explain
why.}) 31. Bg2 (31. Rf2 Qb1+ 32. Rf1 Qg6 {loses another pawn.}) 31... Rh5 $1 (
31... Qb6+ 32. Rf2 Rh5 33. Qxf6 Rf5 34. Qb2 $15) 32. Qxf6 Qxf6 33. Rxf6 Ra5 {
The key idea - White cannot defend his a-pawn and block the opponent's one.
Despite the very limited material, Black is going to win.} 34. Rf4 (34. Rf2
Rxa2 35. Rxa2 Bxa2 {and White is defenceless.}) 34... Rxa2 35. Rd4 a5 36. Bd5 (
36. Bc6 Bb3 37. Kf1 a4 38. Rb4 Kg7 {and K goes to c5.}) 36... Ra1+ 37. Kf2 a4
38. Rd2 a3 $1 {Creating another passed pawn.} (38... Bxd5 $2 39. Rxd5 a3 40.
Ra5 {is drawish.}) 39. Bxe6 fxe6 40. Ke3 Kf7 41. g4 Rb1 ({Simpler was} 41... a2
42. Re2 Kg6 43. Ke4 Kf6 44. Ke3 (44. g5+ Kxg5 45. Ke5 Kh4 46. Ke4 Kg4 47. Rg2+
Kh5 48. Re2 Kg6 49. Ke5 Kf7) 44... Kg5 45. Ke4 Kxg4 46. Rg2+ Kh5 47. Re2 Kg6)
42. Rf2+ Ke7 43. Ra2 Rb3+ 44. Kf4 (44. Kd4 Rb4+ 45. Kc5 Ra4 46. Kb5 Ra8 47. Kb4
Kf6) 44... Rb4+ 45. Kg5 Ra4 {Transferring the R to the best position, behind
the pawn.} 46. Kh6 e5 47. g5 Kf7 48. g6+ Kg8 49. Kg5 (49. Rc2) 49... e4 {This
time we managed to beat the Olympic champions and to overtake them in the
first position for 1 day. Even though, we didn't manage to stay there, 2nd
place is a big success for the Israeli team. It is the first time our country
had won an Olympic medal in chess.} 0-1